| 000 | 00299 a2200121 4500 | ||
|---|---|---|---|
| 999 |
_c321820 _d321820 |
||
| 001 | 86747 | ||
| 003 | NUST | ||
| 005 | 20180123112900.0 | ||
| 008 | 180123b xxu||||| |||| 00| 0 eng d | ||
| 082 | _a891.4393 BAs | ||
| 100 |
_aAhmed Bashir _99605 |
||
| 245 |
_aGul Hae Ranga Rang _hUrdu |
||
| 260 |
_aKarachi _bHoori Noorani Maktaba Danyal _c2010 |
||
| 300 | _a352p. | ||
| 942 |
_aCAE NUST _cBK _k891.4393 BAS _2ddc |
||